| 000 | 00554cab a2200205 4500 | ||
|---|---|---|---|
| 001 | X1125 | ||
| 008 | 090401t1993 xxu||||| |||| 00| 0 eng d | ||
| 035 | _a(Sirsi) u14810 | ||
| 041 | _aeng | ||
| 245 | _aLooking for academic excellence | ||
| 260 | _c1993 | ||
| 350 | _a0 | ||
| 490 |
_aCS Monthly : Land and Hydrographic Survey _v3(2) October 1993, 1(1) |
||
| 650 | _aAWARDS | ||
| 650 | _aCIVILIAN AWARD | ||
| 650 | _aFIELD SURVEY ASSOCIATION | ||
| 690 | _aMANAGEMENT-BUSINESS MANAGEMENT-PROFESSIONAL PRACTICE | ||
| 942 | _n0 | ||
| 948 | _c04/03/1997 | ||
| 999 |
_c9669 _d9669 |
||